LEGO Ninjago: Dragons Rising: Season 1 Minifigures - Statistics

General Stats
  • This quiz has been taken 64 times
  • The average score is 15 of 22
Answer Stats
Picture Answer % Correct
Arin
98%
Cole
87%
Dareth
82%
Empress Beatrix
80%
Kai
80%
Cyrus Borg
78%
Jay
78%
Lloyd
78%
Lord Ras
76%
Nya
76%
Sora
73%
Zane
73%
Rapton
64%
Chamille
62%
Wyldfyre
62%
Riyu
60%
Gayle Gossip
49%
Vinny Folson
49%
Miss Demeanor
47%
Hounddog McBrag
44%
Spirit of the Temple
40%
Racer Seven
29%
No matching quizzes found
Score Distribution
Percent of People with Each Score
Percentile by Number Answered
Your Score History
You have not taken this quiz